000
00338nam a2200145Ia 4500
005
20250522021421.0
008
240331s9999 xx 000 0 und d
082
_b
BAL
_a
302
100
_a
Bala,A
245
0
_a
Ulaga cinema varalaru
260
_a
Chennai
_b
K.K. Books Pvt. Ltd
_c
2007
300
_a
174 p .,
650
_a
Cinema
942
_c
L
999
_c
4703
_d
4703